000 00224nam a22001217a 4500
040 _cHS
082 _a604
100 _aMEAS SARITH
245 _a3D Auto CAD
260 _aNA
_bMEAS SARITH
_cNA
300 _a47p;
942 _cKB
999 _c9433
_d9433